ਜੁਗਰਾਫ਼ੀਏ ਦਾ ਵਿਸ਼-ਕੋਸ਼ (Record no. 1309881)

MARC details
000 -LEADER
fixed length control field 00797nam a22002177a 4500
005 - DATE AND TIME OF LATEST TRANSACTION
control field 20250501122725.0
008 - FIXED-LENGTH DATA ELEMENTS--GENERAL INFORMATION
fixed length control field 250501b |||||||| |||| 00| 0 eng d
037 ## - SOURCE OF ACQUISITION
Terms of availability REF
040 ## - CATALOGING SOURCE
Original cataloging agency AL
Transcribing agency AL
041 ## - LANGUAGE CODE
Source of code Pun
Language code of text/sound track or separate title Pun
084 ## - COLON CLASSIFICATION NUMBER
Classification number Uk 153Q3
Assigning agency AL
100 ## - MAIN ENTRY--PERSONAL NAME
Personal name ਢਿੱਲੋਂ, ਸ. ਸ.
9 (RLIN) 753659
245 ## - TITLE STATEMENT
Title ਜੁਗਰਾਫ਼ੀਏ ਦਾ ਵਿਸ਼-ਕੋਸ਼
260 ## - PUBLICATION, DISTRIBUTION, ETC.
Place of publication, distribution, etc. ਪਟਿਆਲਾ, ਭਾਰਤ:
Name of publisher, distributor, etc. ਪਬਲੀਕੇਸ਼ਨ ਬੀਊਰੋ,
Date of publication, distribution, etc. 2013.
300 ## - PHYSICAL DESCRIPTION
Extent 960ਪ.
365 ## - TRADE PRICE
Price amount 1050.00
Currency code INR
650 ## - SUBJECT ADDED ENTRY--TOPICAL TERM
Topical term or geographic name entry element ਜਿਯੋਗਰਾਫੀ
9 (RLIN) 753660
650 ## - SUBJECT ADDED ENTRY--TOPICAL TERM
Topical term or geographic name entry element ਕੋਸ਼
9 (RLIN) 753371
942 ## - ADDED ENTRY ELEMENTS (KOHA)
Source of classification or shelving scheme Colon Classification (CC)
Koha item type Textbook
Classification part Uk 153Q3
Suppress in OPAC No

No items available.

Copyright @ Delhi University Library System